Представление документа в формате RUSMARC

ПолеНазваниеЗначение
  Тип записи a
  Библиографический уровень m
001 Контрольный номер RU/REG73/CBS_GRAD2/669904143
005 Дата корректировки 20221122154857.7
010 Индекс ISBN __
a ISBN 978-5-903-817-26-9
101 Язык документа __
a Язык текста rus
200 Заглавие и сведения об ответственности __
a Заглавие Волжская радуга. "Мы разные, но мы - вместе!"
e Сведения, относящиеся к заглавию Сборник статей
b Общее обозначение материала Текст
203 Вид содержания и тип средства __
a Вид содержания Текст (визуальный) : непосредственный
210 Выходные данные __
a Место издания Ульяновск
c Издательство ООО "Регион-Инвест"
d Дата издания 2007
215 Физическое описание __
a Объем 144 с.
c Иллюстрации/тип воспроизводства ил.
686 Индексы других классификаций __
a Классификационный индекс 63.5
801 Источник записи _0
a Страна RU
b Организация RuCBSGrad
g Правила каталогизации PSBO
801 Источник записи _1
a Страна RU
b Организация RuCBSGrad
g Правила каталогизации PSBO
901 Тип документа __
t Тип документа m
981 __
b i
g e
2 isbdcontent
982 __
b n
2 isbdmedia
993 __
a 61024
b 34367
e 241008
f ЦГБ
h 0.00
i 241008
m 1
n 44278
o I
p 0.00
x 1
y 6
z 63.5